| 000 | 00523nam a2200205Ia 4500 | ||
|---|---|---|---|
| 003 | OSt | ||
| 005 | 20241109104223.0 | ||
| 008 | 210210b1925 xxu||||| |||| 00| 0 eng d | ||
| 040 | _cAL | ||
| 041 | _aeng | ||
| 082 | _a230/180 | ||
| 100 |
_aDIOCESE OF MANGALORE _9184267 |
||
| 245 | _aDirectory of the diocese of Mangalore 1925 | ||
| 260 |
_aMangalore _bCodial Bail Press _c1925 |
||
| 300 | _a105 | ||
| 650 |
_aSouth Kanara /South Canara _9184275 |
||
| 690 |
_aReligion _9184274 |
||
| 906 | _a001416 | ||
| 942 |
_2ddc _cBK |
||
| 999 |
_c122243 _d122243 |
||